=LDR 00000nam 2200000 4500 =001 INLIS000000000037630 =005 20130612143344 =008 ***********************************Ind** =035 ##$$0010-061300000037630 =041 ##$$a Ind =082 ##$$a 658.81 =090 ##$$a 658.81, Tra a =100 ##$$a Tracy, Brian =245 ##$$a Aduduced selling strategics, gagasan metode dan teknik-teknik teruji yang digunakan top selesman di seluruh dunia, Brian Tracy =260 ##$$a 2007 $b Jakarta =300 ##$$a xxiii, 519 hlm, ilus, 28 cm =650 ##$$a Manajemen Pemasaran =850 ##$$a NBPNMAT